| 000 | 00938nam a22002417a 4500 | ||
|---|---|---|---|
| 005 | 20180703170942.0 | ||
| 010 | _aENG-122875-76 | ||
| 020 |
_a9780199482634 _c2495.00 (2 vol. set) |
||
| 020 |
_a9780199482641 _c2495.00 (2 vol. set) |
||
| 035 | _aEN-106407-08 | ||
| 037 | _bDBAD/PUB | ||
| 082 | _a338.4730223 | ||
| 245 |
_aThe indian media economy / _ced. by Adrian Athique; Vibodh Parthasarathi [and] S.V. Srinivas |
||
| 260 |
_c2018 _aNew Delhi _bOxford University |
||
| 270 |
_a2/11 Ground Floor,Ansari Road,Daryaganj, _bNew Delhi _e110002 |
||
| 300 |
_c22cm(pbk) _avol. 2 (xiii, 273p.; xiii, 281p.) |
||
| 500 | _aIt include bibliography and index | ||
| 505 | _aVol. 1, Industrial dynamics and cultural adaptation. Vol. II, Market dynamics and social transactions. | ||
| 700 | _aAthique, Adrian | ||
| 700 | _aParthasarathi, Vibodh | ||
| 700 | _aSrinivas, S.V. | ||
| 942 |
_cEN _2ddc _mTHE _h338.4730223 |
||
| 999 |
_c151864 _d151864 |
||